แสดงรายละเอียดบรรณานุกรม
  กลับหน้าหลัก

Brief Record : Get Marc (ISO 2709) : E-mail record : QR code ปิดหน้าต่าง
E-books : เกี่ยวกับ Collections
LEADER 00000nam 2200000uu 4500
001    213270
003     ULIBM
008    230607s||||||||th 000 0 tha d
020    ^a9789740340560
040    ^abcnkk
041    ^atha
060 04 ^aW20.5^bจ755ว 2565
100 0  ^aเจษฎา คุณโน
245 10 ^aวิธีการวิจัยพื้นฐานสำหรับวิทยาศาสตร์สุขภาพ =^bBasic of researchmethodology for health science /^cเจษฎา คุณโน
246 31 ^aBasic of research methodology for health science
250    ^aพิมพ์ครั้งที่ 2
260    ^aกรุงเทพฯ :^bสำนักพิมพ์จุฬาลงกรณ์มหาวิทยาลัย,^c2565
300    ^aก-ซ, 264 หน้า :^bภาพประกอบ ;^c26 ซม.
504    ^aมีบรรณานุกรมและดัชนี
505 0  ^aบทนำงานวิจัย -- การกำหนดปัญหาวิจัย -- การเลือกวิธีออกแบบงานวิจัย --ปัจจัยรบกวนและอคติ -- เครื่องมือสำหรับเลือกกลุ่มตัวอย่าง --เครื่องมือสำหรับการเก็บข้อมูล -- เครื่องสำหรับการวิเคราะห์ข้อมูล --เอกสารอื่น ๆ -- การร่างผลงานวิจัยสำหรับตีพิมพ์ --แหล่งการสืบค้นเอกสารอ้างอิง -- เครื่องมือตรวจสอบ --การสร้างเอกสารอ้างอิง
650  4 ^aวิทยาศาสตร์สุขภาพ^xวิจัย
650  4 ^aวิทยาศาสตร์สุขภาพ^xระเบียบวิธีทางสถิติ
650  4 ^aMedicine^xResearch^xMethodology
650  4 ^aการเขียนโครงการวิจัย
999    ^aใช้งานได้ทุกระบบ
รายการนี้ยังไม่มีแท็ก
คุณยังไม่ได้ล็อกอิน คุณสามารถมีกิจกรรมร่วมกับเว็บไซต์ได้ แต่ต้องล็อกอินก่อน ::
  ล็อกอิน
ลำดับที่ ประเภท เลขเรียก สถานที่ สถานะ
1. วิทยาศาสตร์สุขภาพ
วิทยาศาสตร์สุขภาพ
W20.5 จ755ว 2565 ฉ.1 
  
วิทยาศาสตร์สุขภาพ On Shelf
  ขอยืม
Note:จัดซื้อปีงบฯ 2566
2. วิทยาศาสตร์สุขภาพ
วิทยาศาสตร์สุขภาพ
W20.5 จ755ว 2565 ฉ.2 
  
วิทยาศาสตร์สุขภาพ On Shelf
  ขอยืม
Note:จัดซื้อปีงบฯ 2566
3. วิทยาศาสตร์สุขภาพ
วิทยาศาสตร์สุขภาพ
W20.5 จ755ว 2565 ฉ.3 
  
วิทยาศาสตร์สุขภาพ On Shelf
  ขอยืม
Note:จัดซื้อปีงบฯ 2566
4. วิทยาศาสตร์สุขภาพ
วิทยาศาสตร์สุขภาพ
W20.5 จ755ว 2565 ฉ.4 
  
วิทยาศาสตร์สุขภาพ On Shelf
  ขอยืม
Note:จัดซื้อปีงบฯ 2566
5. วิทยาศาสตร์สุขภาพ
วิทยาศาสตร์สุขภาพ
W20.5 จ755ว 2565 ฉ.5 
  
วิทยาศาสตร์สุขภาพ On Shelf
  ขอยืม
Note:จัดซื้อปีงบฯ 2566
   [แสดง 5/5 รายการ]

รายการใกล้เคียง
    หัวเรื่อง [วิทยาศาสตร์สุขภาพ วิจัย]
    หัวเรื่อง [การเขียนโครงการวิจัย]

BibComment


ยังไม่เคยถูกคอมเมนท์

คอมเมนท์ทรัพยากรรายการนี้
  คอมเมนท์: วิธีการวิจัยพื้น..
Bib 213270

 
 
 

 Union Library Management : ULibM
Copyright 2026. All Rights Reserved.
скачать бесплатно без регистрации порно красивый секс HD Sex Hindi sex

xxx gou

xxxx

bfxxx

xxxwww

Секса Видео

xxxx

Секса Видео

detube

geilexxx

C99 Shell

worms shell

blod xxx video
Ebony Coed Rihanna Rimes Takes A Dick In Her Young Twat priyaa indian fuck anal and pusssy hardcore indian women xxx desi hardcore fucking part 1 bengalixxxcouple